000 00839cam a2200229 4500
001 WB3820-12
008 020531n2002 000 0 eng u
035 _a(Sirsi) u118259
245 _aMore lenders raise loan to value ratios
260 _c2002
490 _aEstates Gazette
_v(0221) 25 Mary 2002, 53(1)
520 _aDe Montfort University research due to be published claims that there has been a major rise in the number of lenders willing to stretch their loan to value ratios. Experts warn against the rise in debt financing and riskier loans.
590 _aWB
650 _aLOAN TO VALUE RATIOS
650 _aDEBT FINANCING
650 _aLOANS
650 _aPROPERTY-COMMERCIAL PROPERTY
650 _aLENDING
650 _aCOMPENSATION
690 _aMANAGEMENT-BUSINESS MANAGEMENT-FINANCIAL MANAGEMENT
942 _n0
999 _c70409
_d70409